000 01304nam a22003617a 4500
003 CHAP
005 20220329135147.0
008 971013s1979 r 00010 d
010 _a31909
011 _a32881
035 _a36996
040 _cCHAP
090 _aTesis
100 0 0 _aMartínez Leal, Santiago.
_972204
245 _aEfecto comparativo de cuatro acaricidas en el control de la negrilla de los cítricos (Phylocoptruta oleivora Ashmead) en el área de Montermorelos, N.L.
260 _a(Monterrey, N.L.) :
_bEl autor,
_c1979
300 _a51 h.
_b: ilus. ; gráfs
502 _aTesis (Ing. Agrónomo Parasitólogo) -- ITESM. Div. de Ciencias Agropecuarias y Marítimas
590 _aALEPH
_b10
_c20130110
_lUCH01
_h1254
590 _aBATCH-UPD
_b10
_c20130110
_lUCH01
_h0247
590 _aBATCH-UPD
_b10
_c20130110
_lUCH01
_h1916
590 _aBATCH-UPD
_b10
_c20130409
_lUCH01
_h2317
590 _aBATCH-UPD
_b10
_c20130410
_lUCH01
_h1309
590 _aBATCH-UPD
_b10
_c20130913
_lUCH01
_h1848
590 _aCONVERSION
_b10
_c20130109
_lUCH01
_h1318
650 1 4 _aAcaricidas.
_9404
650 1 4 _aArador de la naranja.
_96416
650 1 4 _aCítricos
_xNuevo León.
_924457
650 1 4 _aCítricos
_xPlagas.
_924458
901 _aBK
942 _cTESIS
949 _bBC
_cTES
_d-84952
_eTS1
_i36996
_si
999 _c31909
_d31909